书目信息 |
| 题名: |
山地城市空间演化与城市生态环境
|
|
| 作者: | 吕志强 , 代富强 著 | |
| 分册: | ||
| 出版信息: | 成都 西南财经大学出版社 2017.08 |
|
| 页数: | 275页 | |
| 开本: | 24cm | |
| 丛书名: | ||
| 单 册: | ||
| 中图分类: | TU984.11 | |
| 科图分类: | ||
| 主题词: | 山区城市--城市空间--空间规划--研究 , 城市环境--生态环境--研究 | |
| 电子资源: | ||
| ISBN: | 978-7-5504-2983-3 | |
| 000 | 01063nam0 2200241 450 | |
| 001 | 1110 | |
| 005 | 20180927120601.39 | |
| 010 | @a978-7-5504-2983-3@dCNY88.00 | |
| 100 | @a20171222d2017 em y0chiy50 ea | |
| 101 | 0 | @achi |
| 102 | @aCN@b510000 | |
| 105 | @ay z 000yy | |
| 200 | 1 | @a山地城市空间演化与城市生态环境@9shan di cheng shi kong jian yan hua yu cheng shi sheng tai huan jing@f吕志强,代富强著 |
| 210 | @a成都@c西南财经大学出版社@d2017.08 | |
| 215 | @a275页@d24cm | |
| 330 | @a本书主要分析了1978—2015年城市建设用地扩展类型的时空分异和城市形态在平面、竖向、3-D维度上异质性的演化过程;探索与分析山地城市形态演化的“格局-过程-机制”,并进行形态演化的模拟;分析山地城市形态演化的自然驱动力与人文驱动力,重点阐述山体生态廊道、河流生态廊道与交通廊道对城市形态演化的“廊道效应”。 | |
| 606 | 0 | @a山区城市@x城市空间@x空间规划@x研究 |
| 606 | 0 | @a城市环境@x生态环境@x研究 |
| 690 | @aTU984.11@v5 | |
| 701 | 0 | @a吕志强@9lü zhi qiang@f(1978-)@4著 |
| 701 | 0 | @a代富强@9dai fu qiang@4著 |
| 801 | 0 | @aCN@b91MARC@c20171222 |
| 905 | @aMuseLib@dTU984.11@e1441 | |
| 山地城市空间演化与城市生态环境/吕志强,代富强著.-成都:西南财经大学出版社,2017.08 |
| 275页;24cm |
| ISBN 978-7-5504-2983-3:CNY88.00 |
| 本书主要分析了1978—2015年城市建设用地扩展类型的时空分异和城市形态在平面、竖向、3-D维度上异质性的演化过程;探索与分析山地城市形态演化的“格局-过程-机制”,并进行形态演化的模拟;分析山地城市形态演化的自然驱动力与人文驱动力,重点阐述山体生态廊道、河流生态廊道与交通廊道对城市形态演化的“廊道效应”。 |
| ● |
| 相关链接 |
|
|
|
|
正题名:山地城市空间演化与城市生态环境
索取号:TU984.11/1441
 
预约/预借
| 序号 | 登录号 | 条形码 | 馆藏地/架位号 | 状态 | 备注 |
| 1 | 1121214 | 211212141 | 第二样本阅览室/ [索取号:TU984.11/1441] | 在馆 | |
| 2 | 1121215 | 211212150 | 密集书库-资源管理系/ [索取号:TU984.11/1441] | 在馆 | |
| 3 | 1121216 | 211212169 | 第三借阅区/ [索取号:TU984.11/1441] | 在馆 | |
| 4 | 1121217 | 211212178 | 第三借阅区/ [索取号:TU984.11/1441] | 在馆 | |
| 5 | 1121218 | 211212187 | 第三借阅区/ [索取号:TU984.11/1441] | 在馆 |